| 000 | 00453nam a2200193Ia 4500 | ||
|---|---|---|---|
| 005 | 20240823022425.0 | ||
| 008 | 240823s9999||||xx |||||||||||||| ||und|| | ||
| 020 | _a0-07-053141-2 | ||
| 041 | _aENGLISH | ||
| 082 | _A005.133 P6 | ||
| 100 | _a"Hanna ,Phil" | ||
| 245 | 4 | _aThe Complete Reference JSP 2.0 | |
| 250 | _a1st | ||
| 260 |
_c2006 _bTMH New D |
||
| 500 | _aTRANSFERED | ||
| 650 |
_aJSP _bComputer Science |
||
| 942 | _cBK | ||
| 999 |
_c179133 _d179133 |
||